LEADER 02370nam 2200709Ia 450 001 9910785279103321 005 20230725024827.0 010 $a1-282-72397-9 010 $a9786612723971 010 $a1-4081-3874-3 035 $a(CKB)2670000000041579 035 $a(EBL)1986641 035 $a(SSID)ssj0000428820 035 $a(PQKBManifestationID)11280455 035 $a(PQKBTitleCode)TC0000428820 035 $a(PQKBWorkID)10430109 035 $a(PQKB)11584871 035 $a(MiAaPQ)EBC1986641 035 $a(Au-PeEL)EBL1986641 035 $a(CaPaEBR)ebr10404984 035 $a(CaONFJC)MIL272397 035 $a(OCoLC)905985696 035 $a(EXLCZ)992670000000041579 100 $a20090811d2010 uy 0 101 0 $aeng 135 $aur|n|---||||| 181 $ctxt 182 $cc 183 $acr 200 14$aThe status of birds in Britain and Ireland$b[electronic resource] /$fDavid T. Parkin and Alan G. Knox 210 $aLondon $cChristopher Helm$d2010 215 $a1 online resource (473 p.) 225 0 $aHelm county avifauna 300 $aDescription based upon print version of record. 311 $a1-4729-6127-7 311 $a1-4081-2500-5 320 $aIncludes bibliographical references and index. 327 $aCover; Titlepage; CONTENTS; PREFACE; INTRODUCTION; NON-PASSERINES; PASSERINES; APPENDIX 1 SPECIES LISTS; APPENDIX 2 CATEGORY D; REFERENCES; INDEX 330 $aA comprehensive review of the status and distribution of birds in Britain and Ireland. 410 0$aHelm Country Avifaunas 606 $aBirds$zGreat Britain 606 $aBirds$zIreland 606 $aBirds$zGreat Britain$xGeographical distribution 606 $aBirds$zIreland$xGeographical distribution 606 $aBird populations$zGreat Britain 606 $aBird populations$zIreland 615 0$aBirds 615 0$aBirds 615 0$aBirds$xGeographical distribution. 615 0$aBirds$xGeographical distribution. 615 0$aBird populations 615 0$aBird populations 676 $a598.0941 700 $aParkin$b David T$01508947 701 $aKnox$b A. G$g(Alan G.)$01508948 801 0$bMiAaPQ 801 1$bMiAaPQ 801 2$bMiAaPQ 906 $aBOOK 912 $a9910785279103321 996 $aThe status of birds in Britain and Ireland$93740474 997 $aUNINA LEADER 01215nam0 2200289 i 450 001 VAN0065153 005 20221206020449.620 010 $a978-03-87950-69-3 100 $a20080722d2001 |0itac50 ba 101 $aeng 102 $aUS 105 $a|||| ||||| 200 1 $aComplex analysis$fTheodore W. Gamelin 210 $aNew York$cSpringer$d2001 215 $aXVIII, 478 p.$cill.$d24 cm 410 1$1001VAN0024019$12001 $aUndergraduate texts in mathematics$1210 $aBerlin [etc.]$cSpringer 606 $a30-XX$xFunctions of a complex variable [MSC 2020]$3VANC020785$2MF 620 $aUS$dNew York$3VANL000011 700 1$aGamelin$bTheodore W.$3VANV047861$056842 712 $aSpringer $3VANV108073$4650 801 $aIT$bSOL$c20240614$gRICA 856 4 $u/sebina/repository/catalogazione/documenti/Gamelin - Complex analysis.pdf$zGamelin - Complex analysis.pdf 899 $aBIBLIOTECA DEL DIPARTIMENTO DI MATEMATICA E FISICA$1IT-CE0120$2VAN08 912 $aVAN0065153 950 $aBIBLIOTECA DEL DIPARTIMENTO DI MATEMATICA E FISICA$d08PREST 30-XX 1537 $e08 8207 I 20080929 996 $aComplex analysis$9377889 997 $aUNICAMPANIA